[Event "13. Obert Int. Sant Marti 2011"]
[Site "Barcelona ESP"]
[Date "2011.07.16"]
[Round "4.9"]
[White "Thompson, Ian D"]
[Black "Ortiz Suarez, Isan Reynaldo"]
[Result "1-0"]
[WhiteElo "2274"]
[BlackElo "2556"]
[PlyCount "53"]
[EventDate "2011.07.13"]
[EventType "swiss"]
[EventRounds "9"]
[EventCountry "ESP"]
[SourceTitle "Ajedrez en Madrid"]
[Source "lmi"]
[SourceDate "2011.07.13"]
[SourceVersion "1"]
[SourceVersionDate "2019.06.21"]
[SourceQuality "1"]

1. c4 c5 2. Nc3 Nc6 3. g3 g6 4. Bg2 Bg7 5. Nf3 d6 6. Rb1 e6 7. d3 Nge7 8. Bd2
O-O 9. Qc1 Nf5 10. O-O Rb8 11. e4 Nfd4 12. Bh6 f5 13. Bxg7 Kxg7 14. exf5 gxf5
15. Nxd4 cxd4 16. Ne2 e5 17. f4 Re8 18. b4 Ne7 19. c5 Be6 20. cxd6 Qxd6 21.
fxe5 Qxe5 22. Qg5+ Kh8 23. Nf4 Bxa2 24. Rfe1 Qd6 25. Ne6 Bxe6 26. Qf6+ Kg8 27.
Rxe6 1-0

[Event "13. Obert Int. Sant Marti 2011"]
[Site "Barcelona ESP"]
[Date "2011.07.16"]
[Round "4.10"]
[White "Martinez Ramirez, Erik"]
[Black "Gonzalez Garcia, Jose"]
[Result "1/2-1/2"]
[WhiteElo "2257"]
[BlackElo "2522"]
[PlyCount "28"]
[EventDate "2011.07.13"]
[EventType "swiss"]
[EventRounds "9"]
[EventCountry "ESP"]
[SourceTitle "Ajedrez en Madrid"]
[Source "lmi"]
[SourceDate "2011.07.13"]
[SourceVersion "1"]
[SourceVersionDate "2019.06.21"]
[SourceQuality "1"]

1. e4 e6 2. Nf3 d5 3. Nc3 d4 4. Ne2 c5 5. c3 Nf6 6. cxd4 cxd4 7. Nexd4 Nxe4 8.
Nxe6 Bxe6 9. Qa4+ Nc6 10. Qxe4 Be7 11. Bc4 Bxc4 12. Qxc4 O-O 13. O-O Bf6 14. d3
Qd7 1/2-1/2

[Event "13. Obert Int. Sant Marti 2011"]
[Site "Barcelona ESP"]
[Date "2011.07.16"]
[Round "4.11"]
[White "Ortega Serra, Marc"]
[Black "Karlsson, Lars"]
[Result "0-1"]
[WhiteElo "2238"]
[BlackElo "2482"]
[PlyCount "70"]
[EventDate "2011.07.13"]
[EventType "swiss"]
[EventRounds "9"]
[EventCountry "ESP"]
[SourceTitle "Ajedrez en Madrid"]
[Source "lmi"]
[SourceDate "2011.07.13"]
[SourceVersion "1"]
[SourceVersionDate "2019.06.21"]
[SourceQuality "1"]

1. d4 d6 2. e4 g6 3. c4 Bg7 4. Nc3 Nc6 5. d5 Nd4 6. Be3 c5 7. Nge2 Qb6 8. Qd2
Bg4 9. Na4 Qb4 10. Nxd4 Qxd2+ 11. Bxd2 Bxd4 12. Nc3 Bd7 13. Bd3 a6 14. Ne2 Bg7
15. Bc3 Kf8 16. a4 e6 17. dxe6 Bxe6 18. O-O Ne7 19. Rfd1 Nc6 20. Bxg7+ Kxg7 21.
Nc3 Na5 22. Bf1 Rad8 23. Nd5 Nc6 24. Ne3 Rhe8 25. b3 f5 26. exf5 Bxf5 27. Be2
Nb4 28. Rd2 a5 29. Nd5 Re5 30. g4 Be6 31. Nf4 Bf7 32. Nd3 Nxd3 33. Bxd3 d5 34.
cxd5 Rexd5 35. Rad1 g5 0-1

[Event "13. Obert Int. Sant Marti 2011"]
[Site "Barcelona ESP"]
[Date "2011.07.16"]
[Round "4.12"]
[White "Abreu Delgado, Aryam"]
[Black "Neffe, Axel"]
[Result "1/2-1/2"]
[WhiteElo "2479"]
[BlackElo "2260"]
[PlyCount "83"]
[EventDate "2011.07.13"]
[EventType "swiss"]
[EventRounds "9"]
[EventCountry "ESP"]
[SourceTitle "Ajedrez en Madrid"]
[Source "lmi"]
[SourceDate "2011.07.13"]
[SourceVersion "1"]
[SourceVersionDate "2019.06.21"]
[SourceQuality "1"]

1. c4 c5 2. g3 Nf6 3. Bg2 e6 4. Nf3 d5 5. cxd5 Nxd5 6. Nc3 Nc6 7. Qa4 Nb6 8.
Qe4 Be7 9. Ne5 Nb4 10. O-O O-O 11. Rd1 f6 12. Nf3 e5 13. Qb1 Be6 14. d3 Qd7 15.
Bd2 Rac8 16. b3 Rfd8 17. Qb2 Nc6 18. Rac1 Nd4 19. e3 Nxf3+ 20. Bxf3 Nd5 21.
Nxd5 Bxd5 22. Bxd5+ Qxd5 23. Bc3 Rc6 24. Qe2 Qe6 25. Qf3 Rd7 26. Rd2 f5 27.
Rcd1 Bg5 28. b4 g6 29. a3 Ra6 30. bxc5 Rxa3 31. Bb2 Raxd3 32. Rxd3 Rxd3 33.
Rxd3 e4 34. Qd1 exd3 35. Qxd3 Bf6 36. Bxf6 Qxf6 37. Qd5+ Qf7 38. Qd8+ Kg7 39.
Qd4+ Qf6 40. Qd7+ Qf7 41. Qd4+ Qf6 42. Qd7+ 1/2-1/2

[Event "13. Obert Int. Sant Marti 2011"]
[Site "Barcelona ESP"]
[Date "2011.07.16"]
[Round "4.13"]
[White "Jimenez Fraga, Pedro Alejandro"]
[Black "Dominguez Pons, Eric"]
[Result "1-0"]
[WhiteElo "2464"]
[BlackElo "2344"]
[PlyCount "104"]
[EventDate "2011.07.13"]
[EventType "swiss"]
[EventRounds "9"]
[EventCountry "ESP"]
[SourceTitle "Ajedrez en Madrid"]
[Source "lmi"]
[SourceDate "2011.07.13"]
[SourceVersion "1"]
[SourceVersionDate "2019.06.21"]
[SourceQuality "1"]

1. e4 c6 2. c4 d5 3. exd5 cxd5 4. cxd5 Nf6 5. Nc3 Nxd5 6. Nf3 e6 7. d4 Bb4 8.
Bd2 O-O 9. Bd3 Be7 10. h4 Nc6 11. Qe2 f5 12. Bc4 h6 13. O-O-O Bf6 14. Bxd5 exd5
15. Bf4 a6 16. Qd2 b5 17. Kb1 Be6 18. Rh3 Qd7 19. Rg3 Kh8 20. Ne2 Bg8 21. Nc1
Bh7 22. Ka1 Qd8 23. h5 Rc8 24. Nb3 Qe7 25. Ne1 a5 26. Re3 Qf7 27. Nf3 a4 28.
Nc5 a3 29. Rxa3 Nxd4 30. Nxd4 Rxc5 31. Rc3 Rxc3 32. Qxc3 Qxh5 33. f3 Re8 34.
Qc5 Qf7 35. a3 g5 36. Bd2 Qe7 37. Qb6 Qd8 38. Qxb5 Bxd4 39. Ba5 Qb8 40. Qxb8
Rxb8 41. Rxd4 Bg8 42. Bc3 Kh7 43. a4 Kg6 44. a5 Be6 45. a6 Bc8 46. a7 Ra8 47.
Ra4 Bb7 48. Bd4 Re8 49. Rb4 Ba8 50. Rb6+ Kh5 51. Rb8 Re1+ 52. Ka2 Bc6 1-0

[Event "13. Obert Int. Sant Marti 2011"]
[Site "Barcelona ESP"]
[Date "2011.07.16"]
[Round "4.14"]
[White "Alberto, Manuel"]
[Black "Gonzalez Rodriguez, Jorge A."]
[Result "0-1"]
[WhiteElo "2218"]
[BlackElo "2434"]
[PlyCount "124"]
[EventDate "2011.07.13"]
[EventType "swiss"]
[EventRounds "9"]
[EventCountry "ESP"]
[SourceTitle "Ajedrez en Madrid"]
[Source "lmi"]
[SourceDate "2011.07.13"]
[SourceVersion "1"]
[SourceVersionDate "2019.06.21"]
[SourceQuality "1"]

1. e4 e6 2. d4 d5 3. e5 c5 4. c3 Nc6 5. Nf3 Qb6 6. a3 c4 7. Be2 Na5 8. Nbd2 Bd7
9. O-O h6 10. Ne1 O-O-O 11. b4 cxb3 12. Bb2 Kb8 13. c4 dxc4 14. Nxc4 Nxc4 15.
Bxc4 Ne7 16. a4 Nc6 17. Qxb3 Qxb3 18. Bxb3 Nb4 19. Nc2 Nxc2 20. Bxc2 Bc6 21. f4
g6 22. Rfd1 Bb4 23. Kf2 Rd7 24. g3 h5 25. Ke3 Rc8 26. Bb3 Bd5 27. Bxd5 Rxd5 28.
Rdc1 Rxc1 29. Rxc1 Ra5 30. Ra1 Kc7 31. h3 Ra6 32. g4 hxg4 33. hxg4 Kd7 34. Ke4
Rc6 35. Ba3 Bxa3 36. Rxa3 Rc1 37. Rb3 Kc6 38. Rb2 b6 39. Kd3 Ra1 40. Rc2+ Kd5
41. Rc7 Ra3+ 42. Kc2 Rxa4 43. Rd7+ Ke4 44. Kb3 b5 45. Rxf7 Rxd4 46. Rf6 Kd5 47.
f5 gxf5 48. gxf5 exf5 49. e6 Re4 50. Rxf5+ Kc6 51. Rf6 a5 52. e7+ Kd7 53. Rb6
Rb4+ 54. Ka3 Kxe7 55. Ra6 Ra4+ 56. Kb3 Kd7 57. Kc3 Kc7 58. Kd3 Kb7 59. Rh6 Rc4
60. Rg6 a4 61. Rf6 Rc6 62. Rf5 Kb6 0-1

[Event "13. Obert Int. Sant Marti 2011"]
[Site "Barcelona ESP"]
[Date "2011.07.16"]
[Round "4.15"]
[White "Rios, Cristhian Camilo"]
[Black "Avila Jimenez, Javier"]
[Result "1-0"]
[WhiteElo "2424"]
[BlackElo "2257"]
[PlyCount "117"]
[EventDate "2011.07.13"]
[EventType "swiss"]
[EventRounds "9"]
[EventCountry "ESP"]
[SourceTitle "Ajedrez en Madrid"]
[Source "lmi"]
[SourceDate "2011.07.13"]
[SourceVersion "1"]
[SourceVersionDate "2019.06.21"]
[SourceQuality "1"]

1. d4 d5 2. Nf3 Nf6 3. c4 c6 4. Nc3 dxc4 5. e3 b5 6. a4 b4 7. Na2 e6 8. Bxc4
Ba6 9. Bxa6 Nxa6 10. Bd2 Be7 11. Qe2 Qb6 12. Ne5 O-O 13. a5 Qb7 14. Qf3 Nd5 15.
O-O c5 16. dxc5 Nxc5 17. e4 Nf6 18. Bxb4 Ncxe4 19. a6 Qc7 20. Bxe7 Qxe7 21.
Rfe1 Nc5 22. Nb4 Qc7 23. Nbc6 Kh8 24. Rac1 Qb6 25. Rc4 Rac8 26. Rf4 Rxc6 27.
Qxc6 Qxc6 28. Nxc6 Nd3 29. Rxf6 gxf6 30. Ra1 Ra8 31. b4 Ne5 32. Nd4 Rd8 33. Nb5
Nc6 34. h3 Nxb4 35. Ra4 Nc6 36. Rc4 Nb8 37. Rc7 Rd1+ 38. Kh2 Nxa6 39. Rxf7 f5
40. Rxa7 Nc5 41. Rc7 Ne4 42. f3 Nd2 43. Kg3 e5 44. Kf2 Nb3 45. Re7 Rd2+ 46. Kg3
f4+ 47. Kh2 Nd4 48. Nxd4 exd4 49. Rf7 Re2 50. Rxf4 d3 51. Rd4 d2 52. Rd7 Kg8
53. h4 Kf8 54. Kg3 Ke8 55. Rd3 Kf7 56. Rd4 Kf6 57. f4 Kf5 58. Kf3 Re1 59. g4+
1-0

[Event "13. Obert Int. Sant Marti 2011"]
[Site "Barcelona ESP"]
[Date "2011.07.16"]
[Round "4.16"]
[White "Duran, Reinaldo"]
[Black "Carstensen, Jacob"]
[Result "0-1"]
[WhiteElo "2098"]
[BlackElo "2391"]
[PlyCount "76"]
[EventDate "2011.07.13"]
[EventType "swiss"]
[EventRounds "9"]
[EventCountry "ESP"]
[SourceTitle "Ajedrez en Madrid"]
[Source "lmi"]
[SourceDate "2011.07.13"]
[SourceVersion "1"]
[SourceVersionDate "2019.06.21"]
[SourceQuality "1"]

1. e4 c5 2. Nf3 d6 3. d4 cxd4 4. Nxd4 Nf6 5. Nc3 a6 6. Bg5 Nbd7 7. Bc4 Qc7 8.
Bb3 e6 9. Qd2 Nc5 10. Bxf6 gxf6 11. O-O Bd7 12. a3 Bc6 13. Qe2 Nxb3 14. cxb3
Qb6 15. Rfd1 Bd7 16. b4 h5 17. Rd3 h4 18. h3 Rg8 19. Nf5 O-O-O 20. Nxh4 Kb8 21.
Rad1 Be7 22. Qe3 Qxe3 23. Rxe3 f5 24. Nf3 fxe4 25. Nxe4 f5 26. Nc3 Rg7 27. Red3
Rdg8 28. g3 Bc8 29. Ne2 e5 30. Rxd6 Bxd6 31. Rxd6 Re7 32. Rd5 Rge8 33. h4 Bd7
34. Ng5 Bc6 35. Rd6 Kc7 36. Rf6 Rd8 37. Ne6+ Rxe6 38. Rxe6 Rd1+ 0-1

[Event "13. Obert Int. Sant Marti 2011"]
[Site "Barcelona ESP"]
[Date "2011.07.16"]
[Round "4.17"]
[White "Vidarte Morales, Arturo"]
[Black "Obon Temprano, Sergi"]
[Result "1-0"]
[WhiteElo "2359"]
[BlackElo "2255"]
[PlyCount "67"]
[EventDate "2011.07.13"]
[EventType "swiss"]
[EventRounds "9"]
[EventCountry "ESP"]
[SourceTitle "Ajedrez en Madrid"]
[Source "lmi"]
[SourceDate "2011.07.13"]
[SourceVersion "1"]
[SourceVersionDate "2019.06.21"]
[SourceQuality "1"]

1. g3 d5 2. Bg2 e5 3. c4 c6 4. cxd5 cxd5 5. d3 Nf6 6. Nf3 Nc6 7. O-O Bg4 8. Bg5
Be7 9. Qa4 Qd7 10. Bxf6 gxf6 11. Nc3 d4 12. Ne4 Bh3 13. Bxh3 Qxh3 14. Rfc1 O-O
15. Nc5 Bxc5 16. Rxc5 Rfc8 17. Rac1 Ne7 18. Rxc8+ Rxc8 19. Rxc8+ Qxc8 20. Qxa7
Qc1+ 21. Kg2 Qxb2 22. Nh4 Qb5 23. Qa8+ Kg7 24. Qa3 Qd7 25. Qxe7 Qxe7 26. Nf5+
Kf8 27. Nxe7 Kxe7 28. Kh3 Kd6 29. Kg4 Kc5 30. Kf5 Kb4 31. Kxf6 b5 32. Kxe5 Kc3
33. Kd5 b4 34. g4 1-0

[Event "13. Obert Int. Sant Marti 2011"]
[Site "Barcelona ESP"]
[Date "2011.07.16"]
[Round "4.18"]
[White "Cruz, Filemon"]
[Black "Dalo, Hermes"]
[Result "1/2-1/2"]
[WhiteElo "2406"]
[BlackElo "2049"]
[PlyCount "131"]
[EventDate "2011.07.13"]
[EventType "swiss"]
[EventRounds "9"]
[EventCountry "ESP"]
[SourceTitle "Ajedrez en Madrid"]
[Source "lmi"]
[SourceDate "2011.07.13"]
[SourceVersion "1"]
[SourceVersionDate "2019.06.21"]
[SourceQuality "1"]

1. d4 Nf6 2. c4 g6 3. Nc3 Bg7 4. e4 d6 5. Be2 O-O 6. Bg5 c5 7. d5 e6 8. h4 exd5
9. cxd5 Re8 10. f3 a6 11. Qd2 b5 12. h5 Nbd7 13. hxg6 fxg6 14. Nh3 b4 15. Nd1
Ne5 16. Bh6 Bh8 17. Ng5 Rb8 18. Ne3 Qe7 19. Rh2 a5 20. g3 a4 21. Rc1 Bg7 22.
Bxg7 Qxg7 23. Nc4 Qe7 24. Kf2 Rf8 25. Kg2 Nxc4 26. Bxc4 a3 27. b3 Nh5 28. Rf1
Bd7 29. Ne6 Bxe6 30. dxe6 Kg7 31. Rd1 Rbd8 32. Qe3 Kh8 33. Rhh1 Qf6 34. Rd3 Qe5
35. Rh3 Nf6 36. f4 Qb2+ 37. Rd2 Qc3 38. Qxc3 bxc3 39. Re2 Rfe8 40. g4 Nxe4 41.
Bd5 Nf6 42. Bc6 Re7 43. g5 Nh5 44. Rxh5 gxh5 45. Bd5 Rf8 46. Kf3 Kg7 47. Rc2 h6
48. gxh6+ Kxh6 49. Rxc3 Kg6 50. Ke4 Kf6 51. Rh3 Rh8 52. Bc4 Rxe6+ 53. Bxe6 Kxe6
54. f5+ Kf6 55. Rd3 Rd8 56. Kf4 d5 57. Rc3 Rc8 58. Rg3 d4 59. Rg6+ Kf7 60. Rh6
Rd8 61. Rxh5 d3 62. Rh1 d2 63. Rd1 Kf6 64. Ke3 Kxf5 65. Rxd2 Rxd2 66. Kxd2
1/2-1/2

[Event "13. Obert Int. Sant Marti 2011"]
[Site "Barcelona ESP"]
[Date "2011.07.16"]
[Round "4.19"]
[White "Perpinya Rofes, Lluis Maria"]
[Black "Trujillo Villega, Pablo Adrian"]
[Result "0-1"]
[WhiteElo "2395"]
[BlackElo "2173"]
[PlyCount "96"]
[EventDate "2011.07.13"]
[EventType "swiss"]
[EventRounds "9"]
[EventCountry "ESP"]
[SourceTitle "Ajedrez en Madrid"]
[Source "lmi"]
[SourceDate "2011.07.13"]
[SourceVersion "1"]
[SourceVersionDate "2019.06.21"]
[SourceQuality "1"]

1. e4 c5 2. Nf3 Nc6 3. d4 cxd4 4. Nxd4 g6 5. Nc3 Bg7 6. Be3 Nf6 7. Bc4 Qa5 8.
O-O O-O 9. Nb3 Qc7 10. Be2 a6 11. f4 d6 12. Bf3 Na5 13. Nxa5 Qxa5 14. Qe1 Re8
15. Qf2 Nd7 16. e5 dxe5 17. fxe5 Nxe5 18. Bd5 e6 19. Rae1 f5 20. Bb6 Qb4 21.
Bc5 Qxb2 22. Na4 Qb5 23. Bb3 Qc6 24. Bd4 Ng4 25. Qf4 Bd7 26. Nb6 Bxd4+ 27. Qxd4
Rad8 28. h3 Bc8 29. Qb4 Nf6 30. Ba4 Qc7 31. Bxe8 Rxe8 32. Rf3 Ne4 33. Rxe4 fxe4
34. Rc3 Qf4 35. Qc5 Qc1+ 36. Kh2 Qf4+ 37. Kh1 Qf1+ 38. Qg1 Qf6 39. Qe3 e5 40.
Qxe4 Qf1+ 41. Kh2 Qf5 42. Qg4 Rf8 43. Nd5 Kg7 44. Rc7+ Rf7 45. Qc4 Be6 46. Rc5
Rd7 47. Qb3 b6 48. Qxb6 Bxd5 0-1

[Event "13. Obert Int. Sant Marti 2011"]
[Site "Barcelona ESP"]
[Date "2011.07.16"]
[Round "4.20"]
[White "Lorenzo De La Riva, Lazaro"]
[Black "Nunez Lucero, Francisco"]
[Result "1-0"]
[WhiteElo "2391"]
[BlackElo "2154"]
[PlyCount "71"]
[EventDate "2011.07.13"]
[EventType "swiss"]
[EventRounds "9"]
[EventCountry "ESP"]
[SourceTitle "Ajedrez en Madrid"]
[Source "lmi"]
[SourceDate "2011.07.13"]
[SourceVersion "1"]
[SourceVersionDate "2019.06.21"]
[SourceQuality "1"]

1. e4 e6 2. d4 d5 3. Nd2 Nf6 4. e5 Nfd7 5. f4 c5 6. Ngf3 Nc6 7. Nb3 f6 8. c3 c4
9. Nbd2 b5 10. Be2 Qb6 11. Nf1 Be7 12. Ne3 fxe5 13. fxe5 Bb7 14. Nc2 h6 15. Be3
O-O-O 16. O-O Rdf8 17. Qd2 g5 18. h3 Bd8 19. Nh2 Ne7 20. Rxf8 Rxf8 21. Rf1 Nf5
22. Bf2 Rg8 23. Ne3 Nf8 24. Qc2 Nxe3 25. Bxe3 Ng6 26. Ng4 h5 27. Nh6 Rg7 28.
Rf7 Rxf7 29. Nxf7 Nf4 30. Bxf4 gxf4 31. Qg6 Be7 32. Bxh5 Kd7 33. Ng5 Bxg5 34.
Qxg5 b4 35. Qg7+ Kc8 36. Qf8+ 1-0

[Event "13. Obert Int. Sant Marti 2011"]
[Site "Barcelona ESP"]
[Date "2011.07.17"]
[Round "5.1"]
[White "Cruz, Cristhian"]
[Black "Moskalenko, Viktor"]
[Result "1/2-1/2"]
[WhiteElo "2470"]
[BlackElo "2591"]
[PlyCount "66"]
[EventDate "2011.07.13"]
[EventType "swiss"]
[EventRounds "9"]
[EventCountry "ESP"]
[SourceTitle "Ajedrez en Madrid"]
[Source "lmi"]
[SourceDate "2011.07.13"]
[SourceVersion "1"]
[SourceVersionDate "2019.06.21"]
[SourceQuality "1"]

1. d4 d5 2. c4 c6 3. Nf3 Nf6 4. Nc3 dxc4 5. a4 Bf5 6. e3 e6 7. Bxc4 Bb4 8. O-O
Nbd7 9. Qe2 O-O 10. e4 Bg6 11. Bd3 Re8 12. Rd1 Bh5 13. e5 Nd5 14. Nxd5 cxd5 15.
Bf4 a6 16. Qe3 Nf8 17. Rdc1 Rc8 18. Rxc8 Qxc8 19. Ne1 Ng6 20. Bg3 Ne7 21. Rc1
Qd7 22. Nc2 Nc6 23. Bf4 Bg6 24. Bxg6 fxg6 25. h4 Be7 26. g3 Rc8 27. Ne1 Nb4 28.
Rxc8+ Qxc8 29. Qe2 Qf8 30. Nd3 Nc6 31. Be3 Qf5 32. f3 h6 33. Kg2 Nb4 1/2-1/2

[Event "13. Obert Int. Sant Marti 2011"]
[Site "Barcelona ESP"]
[Date "2011.07.17"]
[Round "5.3"]
[White "Aroshidze, Levan"]
[Black "Perez Mitjans, Orelvis"]
[Result "1/2-1/2"]
[WhiteElo "2539"]
[BlackElo "2452"]
[PlyCount "79"]
[EventDate "2011.07.13"]
[EventType "swiss"]
[EventRounds "9"]
[EventCountry "ESP"]
[SourceTitle "Ajedrez en Madrid"]
[Source "lmi"]
[SourceDate "2011.07.13"]
[SourceVersion "1"]
[SourceVersionDate "2019.06.21"]
[SourceQuality "1"]

1. e4 c5 2. Nf3 d6 3. d4 cxd4 4. Nxd4 Nf6 5. Nc3 g6 6. Be3 Bg7 7. f3 O-O 8. Qd2
Nc6 9. Bc4 Bd7 10. O-O-O Ne5 11. Bb3 Rc8 12. Kb1 Re8 13. h4 h5 14. g4 hxg4 15.
h5 Nxh5 16. Bh6 e6 17. Rdg1 Rxc3 18. Bxg7 Kxg7 19. Qxc3 Qb6 20. fxg4 Nf6 21.
Qh3 Kf8 22. Nf3 Qc5 23. Ng5 a5 24. Rf1 Nexg4 25. Nxf7 Ke7 26. Qh4 Rf8 27. e5
dxe5 28. Ng5 a4 29. Nh7 g5 30. Qxg5 Rg8 31. Qh4 axb3 32. axb3 Rc8 33. c4 Qe3
34. Nxf6 Qd3+ 35. Kc1 Rxc4+ 36. bxc4 Qxc4+ 37. Kb1 Qd3+ 38. Ka1 Qa6+ 39. Kb1
Qd3+ 40. Ka1 1/2-1/2

[Event "13. Obert Int. Sant Marti 2011"]
[Site "Barcelona ESP"]
[Date "2011.07.17"]
[Round "5.4"]
[White "Matnadze, Ana"]
[Black "Bacallao Alonso, Yusnel"]
[Result "0-1"]
[WhiteElo "2428"]
[BlackElo "2532"]
[PlyCount "88"]
[EventDate "2011.07.13"]
[EventType "swiss"]
[EventRounds "9"]
[EventCountry "ESP"]
[SourceTitle "Ajedrez en Madrid"]
[Source "lmi"]
[SourceDate "2011.07.13"]
[SourceVersion "1"]
[SourceVersionDate "2019.06.21"]
[SourceQuality "1"]

1. d4 Nf6 2. Nf3 d5 3. g3 c6 4. Bg2 Bf5 5. O-O e6 6. c4 Nbd7 7. Nc3 Be7 8. Nd2
O-O 9. e4 dxe4 10. Ndxe4 Nxe4 11. Nxe4 Nf6 12. Nxf6+ Bxf6 13. Be3 Qb6 14. g4
Bg6 15. g5 Be7 16. Qe2 Qa5 17. h4 Rfd8 18. f4 Bf5 19. a3 Qa4 20. Rac1 Rd7 21.
Kh2 Rad8 22. h5 Qa5 23. Qf2 f6 24. c5 Rf8 25. Qg3 Qd8 26. Bf3 Qe8 27. Rce1 Bd8
28. Kg1 Bc7 29. Qg2 Bd3 30. Rf2 fxg5 31. fxg5 Rdf7 32. Bg4 Bc4 33. Qh3 Bd5 34.
g6 Rxf2 35. gxh7+ Kh8 36. Bxf2 Qf7 37. Be3 Bf4 38. Re2 Bxe3+ 39. Qxe3 Qf1+ 40.
Kh2 Qh1+ 41. Kg3 Rf1 42. b4 Rb1 43. Kf4 Qh4 44. Qf2 Rf1 0-1

[Event "13. Obert Int. Sant Marti 2011"]
[Site "Barcelona ESP"]
[Date "2011.07.17"]
[Round "5.5"]
[White "Delgado Ramos, Hector"]
[Black "Cruz, Jonathan"]
[Result "0-1"]
[WhiteElo "2488"]
[BlackElo "2406"]
[PlyCount "88"]
[EventDate "2011.07.13"]
[EventType "swiss"]
[EventRounds "9"]
[EventCountry "ESP"]
[SourceTitle "Ajedrez en Madrid"]
[Source "lmi"]
[SourceDate "2011.07.13"]
[SourceVersion "1"]
[SourceVersionDate "2019.06.21"]
[SourceQuality "1"]

1. c4 Nf6 2. Nc3 e5 3. g3 g6 4. Bg2 Nc6 5. Nf3 Bg7 6. d4 exd4 7. Nxd4 O-O 8.
O-O Re8 9. Nxc6 dxc6 10. Qb3 Qe7 11. Rd1 a5 12. e4 Ng4 13. Bf4 g5 14. Bd2 Qc5
15. Be1 Ne5 16. h3 Nxc4 17. Qc2 Nd6 18. Qe2 Bf5 19. Rac1 Qe5 20. f3 Bg6 21. Qf2
Qe7 22. g4 Be5 23. Na4 Rad8 24. Nc5 b6 25. Na4 Nb5 26. Bf1 Qf6 27. Nc3 Bd4 28.
Rxd4 Nxd4 29. Bg2 Rd7 30. Ne2 c5 31. Nc3 Qf4 32. Rb1 Red8 33. Kh1 Ne6 34. Ra1
c6 35. h4 f6 36. Bf1 Qe5 37. Bc4 Bf7 38. Bxe6 Bxe6 39. hxg5 fxg5 40. Rc1 Rd3
41. Ne2 Qf6 42. Kg2 Qxb2 43. a4 Bxg4 44. fxg4 Rf8 0-1

[Event "13. Obert Int. Sant Marti 2011"]
[Site "Barcelona ESP"]
[Date "2011.07.17"]
[Round "5.6"]
[White "Karlsson, Lars"]
[Black "Rios, Cristhian Camilo"]
[Result "1-0"]
[WhiteElo "2482"]
[BlackElo "2424"]
[PlyCount "25"]
[EventDate "2011.07.13"]
[EventType "swiss"]
[EventRounds "9"]
[EventCountry "ESP"]
[SourceTitle "Ajedrez en Madrid"]
[Source "lmi"]
[SourceDate "2011.07.13"]
[SourceVersion "1"]
[SourceVersionDate "2019.06.21"]
[SourceQuality "1"]

1. g3 Nf6 2. Bg2 g6 3. c4 Bg7 4. Nc3 O-O 5. e4 e5 6. Nge2 Nc6 7. O-O d6 8. d3
Be6 9. Nd5 Qd7 10. Bh6 Nxd5 11. Bxg7 Ne3 12. Qc1 Nxf1 13. Bf6 1-0

[Event "13. Obert Int. Sant Marti 2011"]
[Site "Barcelona ESP"]
[Date "2011.07.17"]
[Round "5.7"]
[White "Carstensen, Jacob"]
[Black "Jimenez Fraga, Pedro Alejandro"]
[Result "0-1"]
[WhiteElo "2391"]
[BlackElo "2464"]
[PlyCount "84"]
[EventDate "2011.07.13"]
[EventType "swiss"]
[EventRounds "9"]
[EventCountry "ESP"]
[SourceTitle "Ajedrez en Madrid"]
[Source "lmi"]
[SourceDate "2011.07.13"]
[SourceVersion "1"]
[SourceVersionDate "2019.06.21"]
[SourceQuality "1"]

1. d4 Nf6 2. c4 g6 3. Nc3 Bg7 4. e4 d6 5. Nf3 O-O 6. Be2 e5 7. O-O Nc6 8. d5
Ne7 9. b4 Ne8 10. c5 f5 11. Ng5 Nf6 12. f3 a5 13. Ba3 Bh6 14. h4 Bxg5 15. hxg5
Nh5 16. Bc4 f4 17. Ne2 h6 18. Kf2 hxg5 19. b5 b6 20. cxd6 cxd6 21. Rc1 g4 22.
Rh1 Kg7 23. Bd3 Nf6 24. Ke1 g5 25. Kd2 Bb7 26. Qg1 g3 27. Nc3 Rc8 28. Be2 Ng6
29. Na4 Rxc1 30. Qxc1 Ne7 31. Qa1 Nc8 32. Bd3 Rh8 33. Rxh8 Qxh8 34. Qc1 Ne8 35.
Nxb6 Nxb6 36. Bxd6 Nxd6 37. Qc7+ Nf7 38. Qxb6 Qh1 39. Qxb7 Qxg2+ 40. Kc3 Qf2
41. d6 Qd4+ 42. Kd2 g2 0-1

[Event "13. Obert Int. Sant Marti 2011"]
[Site "Barcelona ESP"]
[Date "2011.07.17"]
[Round "5.8"]
[White "Gonzalez Rodriguez, Jorge A."]
[Black "Vidarte Morales, Arturo"]
[Result "1-0"]
[WhiteElo "2434"]
[BlackElo "2359"]
[PlyCount "85"]
[EventDate "2011.07.13"]
[EventType "swiss"]
[EventRounds "9"]
[EventCountry "ESP"]
[SourceTitle "Ajedrez en Madrid"]
[Source "lmi"]
[SourceDate "2011.07.13"]
[SourceVersion "1"]
[SourceVersionDate "2019.06.21"]
[SourceQuality "1"]

1. c4 e6 2. d4 d5 3. Nc3 Be7 4. Bf4 Nf6 5. e3 O-O 6. c5 b6 7. b4 a5 8. a3 axb4
9. axb4 Rxa1 10. Qxa1 Nh5 11. Nf3 Nxf4 12. exf4 c6 13. Qa7 Nd7 14. Bd3 f6 15.
O-O Rf7 16. Ra1 bxc5 17. bxc5 e5 18. Qa8 e4 19. Qxc6 exd3 20. Ra8 Rf8 21. Nxd5
Kf7 22. f5 Nxc5 23. Nxe7 Qxe7 24. Rxc8 Rxc8 25. Qxc8 Qb7 26. Qxb7+ Nxb7 27. Kf1
Nd6 28. g4 h5 29. h3 hxg4 30. hxg4 g6 31. fxg6+ Kxg6 32. Ke1 Ne4 33. Nd2 Nc3
34. Nf1 f5 35. Kd2 Nb1+ 36. Kxd3 fxg4 37. Ne3 Kg5 38. Nc4 Kf4 39. d5 Kf5 40.
Kc2 Na3+ 41. Nxa3 Ke5 42. Kd3 Kxd5 43. Nc4 1-0

[Event "13. Obert Int. Sant Marti 2011"]
[Site "Barcelona ESP"]
[Date "2011.07.17"]
[Round "5.9"]
[White "Gonzalez Garcia, Jose"]
[Black "Thompson, Ian D"]
[Result "1-0"]
[WhiteElo "2522"]
[BlackElo "2274"]
[PlyCount "67"]
[EventDate "2011.07.13"]
[EventType "swiss"]
[EventRounds "9"]
[EventCountry "ESP"]
[SourceTitle "Ajedrez en Madrid"]
[Source "lmi"]
[SourceDate "2011.07.13"]
[SourceVersion "1"]
[SourceVersionDate "2019.06.21"]
[SourceQuality "1"]

1. d4 d5 2. c4 e6 3. Nf3 Nf6 4. g3 dxc4 5. Bg2 Nbd7 6. O-O a6 7. a4 c5 8. Nbd2
cxd4 9. Nxc4 Nb6 10. Nce5 Bc5 11. Qc2 Bd6 12. Rd1 Qc7 13. Qxc7 Bxc7 14. Rxd4
Nfd7 15. Bf4 Nd5 16. Nxd7 Nxf4 17. gxf4 Bxd7 18. Ne5 Bxe5 19. fxe5 O-O-O 20.
Rc1+ Bc6 21. Rdc4 Rd2 22. Bxc6 bxc6 23. Rxc6+ Kb7 24. Rc7+ Kb8 25. e3 Rxb2 26.
Rxf7 Rb7 27. Rf4 h5 28. Rc6 h4 29. h3 g5 30. Rd4 Rf8 31. Rxe6 Rf5 32. Re8+ Ka7
33. e6 g4 34. Rxg4 1-0